000 00331pam a2200157a 44500
008 230515b1966 xxu||||| |||| 00| 0 eng d
020 _aNULL
041 _aENGLISH
082 _a630
100 _a3570-1965
245 _aNOMENCLATURE OF FRUITS
250 _a0
260 _aDELHI
_bISI
_c1966
300 _a34
650 _aNULL
999 _c651837
_d651837